| 000 | 00571cam a2200193 4500500 | ||
|---|---|---|---|
| 005 | 20260405002114.0 | ||
| 041 | _afre | ||
| 042 | _adc | ||
| 100 | 1 | 0 |
_aRogé, Antoine _eauthor |
| 245 | 0 | 0 | _aFrisée aux lardons du bon Jean-Jacques |
| 260 | _c2015. | ||
| 500 | _a34 | ||
| 690 | _aAntoine Rogé | ||
| 690 | _aCuisine | ||
| 690 | _aRecette | ||
| 690 | _aRousseau | ||
| 786 | 0 | _nPhilosophie magazine | 94 | 11 | 2015-11-01 | p. 68-69 | 1951-1787 | |
| 856 | 4 | 1 | _uhttps://shs.cairn.info/magazine-philosophie-magazine-2015-11-page-68?lang=fr&redirect-ssocas=7080 |
| 999 |
_c2054291 _d2054291 |
||